000 01114cam a2200337 a 4500
999 _c527919
_d527919
001 14445926
003 NUST
005 20190822073601.0
008 060711s2007 maua b 001 0 eng d
010 _a 2005911183
020 _a1413018521 (pbk.)
035 _a(OCoLC)ocm66275389
038 _awaseem
040 _aOUN
_cOUN
_dBAKER
_dDLC
042 _alccopycat
050 0 0 _aLB2343.3
_b.V36 2007
082 _a378.198
_bBLE
100 1 _aVan Blerkom, Dianna L.
_919422
245 1 0 _aOrientation to college learning /
_cDianna L. Van Blerkom.
250 _a5th ed.
260 _aBoston :
_bWadsworth/Thomson,
_cc2007.
300 _axxxiii, 18, 357 p. :
_bill. (some col.) ;
_c24 cm.
504 _aIncludes bibliographical references and index.
650 0 _aCollege student orientation.
_919423
650 0 _aStudy skills.
_911413
650 0 _aNote-taking.
_919424
650 0 _aCollege students
_xTime management.
_919425
906 _a7
_bcbc
_ccopycat
_d2
_encip
_f20
_gy-gencatlg
942 _2ddc
_cBK